000
00272nam a22001217a 4500
003
OSt
008
240807b |||||||| |||| 00| 0 eng d
100
_a
Kumar, Neeraj
245
_a
Agricultural Technology Module
260
_a
Pusa
_c
2010
300
_a
240
942
_2
ddc
_c
BK
999
_c
43640
_d
43640